• 首页
  • 本馆介绍
  • 公告通知
  • 最新文献
  • 馆藏检索
  • 电子资源
  • 读者荐购
  • 参考咨询
  • CALIS
  • 我的图书馆
  • 登录
  • 详细信息显示
  • 放入我的书架
  • 预约/预借图书
  • 作者相关作品
  • 分类相关作品
  • 丛书相关作品
  • 出版社相关作品

书目信息

  • 表格格式
  • 工作单格式
  • 卡片格式
题名:
中国高速公路行车通地图册
    
 
作者: ;人民交通出版社 , 人民交通出版社 编著
分册:  
出版信息: 北京   人民交通出版社  2007.04
页数: 265页
开本: 21cm
丛书名:
单 册:
中图分类: F512.99
科图分类:
主题词: 高速公路--gao su gong lu--公路图--中国--地图集
电子资源:
ISBN: 978-7-114-06261-2
 
 
 
 
 
000 00948nam0 2200241 450
001 012007623940
005 20070930160806.70
010    @a978-7-114-06261-2@dCNY28.00
100    @a20070805d2007 km y0chiy0120 ea
101 0  @achi
102    @aCN@b110000
105    @ab z 000yy
200 1  @a中国高速公路行车通地图册@Azhong guo gao su gong lu xing che tong di tu ce@f人民交通出版社编著@Fren min jiao tong chu ban she bian zhu
210    @a北京@c人民交通出版社@d2007.04
215    @a265页@c地图@d21cm
314    @a责任者取自版权页。
330    @a本图册采用大区分幅,系统化表示,全面系统地反应中国公路网;系统准确的表示了全国最新建成的高速公路,在建高速公路和规划高速公路。
606 0  @a高速公路@Agao su gong lu@x公路图@y中国@j地图集
690    @aF512.99@v4
711 02 @a人民交通出版社@Aren min jiao tong chu ban she@4编著
711 02 @a人民交通出版社@Aren min jiao tong chu ban she@4编著
801  0 @aCN@c20070930
905    @dF512.99@eR276
    
    中国高速公路行车通地图册/人民交通出版社编著.-北京:人民交通出版社,2007.04
    265页:地图;21cm
    
    
    ISBN 978-7-114-06261-2:CNY28.00
    本图册采用大区分幅,系统化表示,全面系统地反应中国公路网;系统准确的表示了全国最新建成的高速公路,在建高速公路和规划高速公路。
●
相关链接 在E读中查询图书 在当当中查询图书 在豆瓣中查询图书


正题名:中国高速公路行车通地图册     索取号:F512.99/R276         预约/预借

序号 登录号 条形码 馆藏地/架位号 状态 备注
1 256178   202561780   社科二线422/409社科库 37排7列2层/ [索取号:F512.99/R276] 在馆    
2 256179   202561799   社科库409/409社科库 37排7列2层/ [索取号:F512.99/R276] 在馆    
河南城建学院图书馆 欢迎您!
大连网信软件有限公司© 版权所有